|
|
|
|
| LEADER |
00904nam a2200217 a 4500 |
| 001 |
2657450 |
| 008 |
091006s1970 njua 000 0 eng d |
| 010 |
|
|
|a \\\71083137
|
| 020 |
|
|
|a 0136797121
|
| 040 |
|
|
|a DLC
|c DLC
|d DLC
|
| 082 |
0 |
0 |
|a 371.3
|2 17
|
| 100 |
1 |
|
|a Popham, W. James.
|
| 245 |
0 |
0 |
|a Planning an instructional sequence /
|c by W. James Popham and Eva L. Baker.
|
| 260 |
|
|
|a Englewood Cliffs, N.J.,
|b Prentice-Hall,
|c 1970
|
| 300 |
|
|
|a vi, 138 p. :
|b illus. ;
|c 24 cm.
|
| 541 |
1 |
|
|e 00005207
|
| 650 |
|
0 |
|a Teaching
|x Handbooks, manuals, etc.
|
| 700 |
1 |
|
|a Baker, Eva L.,
|e joint author.
|
| 852 |
4 |
|
|a Ayesha Abed Library
|j General shelf
|
| 999 |
|
|
|c 4293
|d 4293
|
| 952 |
|
|
|0 0
|1 0
|2 ddc
|4 0
|6 371_300000000000000_POP
|7 0
|9 3964
|a BRACUL
|b BRACUL
|c GEN
|d 2009-10-07
|g 0.00
|l 0
|o 371.3 POP
|p 3010005207
|r 2009-10-07
|t 1
|w 2009-10-07
|y BK
|x No price found in the accession register ; Previously missing book recovered on 15 September 2025.
|